[Event "29th Czech Open-Rapid 2018"]
[Site "Pardubice"]
[Date "2018.07.19"]
[Round "5"]
[White "Movsesian, Sergei"]
[Black "Shyam, Sundar R"]
[Result "1-0"]
[WhiteElo "2633"]
[BlackElo "2505"]
[Annotator "TA"]
[PlyCount "81"]
[EventDate "2018.07.18"]
[EventType "swiss"]
[EventCountry "CZE"]
[SourceTitle "playchess.com"]
[Source "ChessBase"]
[SourceQuality "1"]

{[%evp 19,81,-21,0,-46,0,-31,26,18,19,24,19,20,30,-54,-50,-57,-59,-61,-21,-31,0,0,0,0,0,5,10,5,5,3,3,5,5,-8,0,-8,5,8,34,0,34,39,43,39,52,34,31,31,32,39,39,39,39,0,19,20,580,183,337,347,1127,1116,29995,814]} 1. Nf3 d5 2. g3 g6 3. Bg2 Bg7 4. O-O e5 5. d3 Ne7 6. e4 O-O 7. Nbd2 Nbc6 8. c3 a5 9. a4 {A07: Réti Opening: New York and Capablanca Systems} (9. Qc2 h6 10. b3 Be6 11. a3 Qd7 12. Bb2 dxe4 13. dxe4 Nc8 14. Rfd1 Qe7 15. a4 Rd8 16. Nf1 Nb6 {0-1 (39) Lenic,L (2646)-Caruana,F (2807) Tbilisi 2017}) 9... h6 10. Re1 Re8 {LiveBook: 14 Games} 11. Qc2 {The position is equal.} b6 $146 ({Predecessor:} 11... Be6 12. exd5 Nxd5 13. Nc4 Bf5 14. Nfd2 Nb6 15. Ne4 Bxe4 16. Bxe4 f5 17. Nxb6 cxb6 {1-0 (46) Benidze,D (2488)-Nalbant,T (2256) Manisa 2018}) 12. b3 Ba6 ({Black should try} 12... d4 $15) 13. Ba3 $11 d4 14. cxd4 Nxd4 15. Nxd4 Qxd4 16. Nc4 (16. Qxc7 $11 Rac8 17. Qa7) 16... Qd7 $15 17. Ne3 c5 18. Rad1 Bb7 19. Bb2 h5 20. Nc4 $36 {[%mdl 2048] White is pushing.} Qc7 $1 21. f4 {[%cal Rc4e5]} Nc6 22. f5 Rad8 23. Rf1 Ba6 24. Qc1 Kh7 25. Rf3 Bh6 26. Qb1 Nd4 27. Bxd4 cxd4 28. Rdf1 {[#] And now fxg6+ would win.} Re7 (28... Rf8 {is interesting.} 29. h4 b5 30. axb5 Bxb5 31. Bh3 Qc5) 29. Kh1 Bxc4 (29... b5 {with more complications.} 30. axb5 Bxb5 31. Bh3 a4 32. Na3 Rb8) 30. bxc4 Rd6 31. Bh3 Bg5 32. Qb5 Kg7 33. fxg6 fxg6 34. Rf8 {[#] Threatens to win with Rc8.} Rd8 35. Rxd8 Qxd8 36. Qd5 Qc7 37. Be6 Kh6 $2 {[%mdl 8192]} (37... Qc5 $11 {and Black is okay.}) 38. Rf8 $2 (38. h4) 38... h4 $2 (38... Qc5) 39. Rc8 $18 Qb7 $2 (39... Qa7 40. Qxe5 Rh7 41. gxh4 Bxh4 42. Qxd4 Qe7) 40. Rh8+ Kg7 41. Qxe5+ {Precision: White = 51%, Black = 37%.} 1-0

[Event "29th Czech Open-Rapid 2018"]
[Site "Pardubice"]
[Date "2018.07.19"]
[Round "5"]
[White "Paravyan, David"]
[Black "Rasik, Vitezslav"]
[Result "1/2-1/2"]
[WhiteElo "2593"]
[BlackElo "2410"]
[Annotator "TA"]
[PlyCount "100"]
[EventDate "2018.07.18"]
[EventType "swiss"]
[EventCountry "CZE"]
[SourceTitle "playchess.com"]
[Source "ChessBase"]
[SourceQuality "1"]

{[%evp 27,100,31,28,-74,-70,-63,-68,-87,18,43,112,120,113,108,123,133,124,137,133,131,131,125,127,118,193,-25,-23,-26,0,0,0,0,0,0,0,0,0,0,0,0,0,0,0,0,0,0,0,0,0,0,0,0,0,0,0,0,0,0,0,0,0,0,0,0,0,0,0,0,0,0,0,0,0,0,0]} 1. d4 d6 2. c4 g6 3. Nc3 Bg7 4. Nf3 Nf6 5. e3 O-O 6. Be2 Nbd7 7. O-O e5 8. Qc2 Re8 9. Rd1 e4 10. Nd2 Qe7 {E61: Königsindisch (Abweichungen der Hauptvariante)} 11. b4 (11. f4 Nf8 12. a4 h5 13. h3 Bf5 14. a5 b6 15. a6 N8h7 16. Nb3 Ng4 17. d5 Qh4 18. Bxg4 Bxg4 19. Ne2 Ng5 20. Rf1 Nf3+ 21. Rxf3 exf3 {0-1 (21) Michalik,P (2546)-Van Wely,L (2663) Germany 2018}) 11... h5 12. a4 Nf8 13. Ba3 $146 ({Vorgänger:} 13. a5 N8h7 14. Ba3 Bf5 15. b5 Ng5 16. Qb3 Bg4 17. Bxg4 hxg4 18. c5 {0-1 (42) Stuemer,P (2052)-Lubbe,M (2286) Tegernsee 2017}) 13... Bf5 14. Rdc1 Ne6 {LiveBook: 5 Partien} 15. Rab1 {[#]} (15. Nf1 $11 {hält das Gleichgewicht.}) 15... Nxd4 $1 $17 {[%mdl 512]} 16. exd4 e3 17. Bd3 exf2+ (17... exd2 $17 18. Qxd2 {[#]} Bh6 $1 {[%mdl 512]} 19. Qxh6 Bxd3) 18. Kh1 $11 Ng4 ({Lieber} 18... Bxd3 $1 $14 19. Qxd3 Bh6) 19. Bxf5 $16 gxf5 20. Nf3 Bxd4 21. Nd5 ({Jedoch nicht} 21. Qxf5 $2 Bxc3 22. c5 (22. Qxh5 Qe4 $19) 22... Be1 $19) (21. Nxd4 $2 {wird mattgesetzt.} Qe1+ 22. Rxe1 fxe1=R+ 23. Rxe1 Rxe1#) 21... Qe4 22. Qxe4 Rxe4 23. Rf1 c6 24. Nxd4 cxd5 25. Nxf5 dxc4 (25... Re2 $16 {war nötig.}) 26. Nxd6 $2 ({Besser ist} 26. h3 $18 Ne3 27. Rxf2) 26... Re2 $1 $11 27. Nxc4 Rae8 28. Bc1 {Und weiter mit h3 wäre nett.Die Stellung ist ausgeglichen.} R8e4 29. h3 Re1 {[%cal Re1f1]} 30. Bd2 Rxb1 31. Rxb1 Rxc4 32. hxg4 {[%mdl 4096] Endspiel Und Tf1 würde nun gewinnen. KTL-KT} Re4 $1 33. Rf1 (33. g3 {feels hotter.} Re2 34. Bc3 Re3 35. Kg2 Rxc3 36. gxh5 Kg7 37. Kxf2 Rc4 38. Kf3) 33... Re2 34. Bc3 {Schwarz muss nun g3 beachten.} Re3 $1 35. Rxf2 {Droht stark Tf3.} Rxc3 36. gxh5 {KT-KT} Rc4 37. Rf5 Rxb4 38. a5 b6 39. Kh2 Kg7 40. Kh3 a6 41. axb6 Rxb6 42. Kg4 Rb4+ 43. Kg5 Rb5 44. Rxb5 axb5 {KBB-KBB} 45. Kf5 b4 (45... Kh6 $5 46. g4 $8 b4 $11) 46. Ke4 f5+ 47. Kd4 Kh6 48. Kc4 Kxh5 49. Kxb4 Kg4 {( -> ...Kg3)} 50. Kc4 f4 {Precision: Weiß = 67%, Schwarz = 72%.} 1/2-1/2

[Event "29th Czech Open-Rapid 2018"]
[Site "Pardubice"]
[Date "2018.07.19"]
[Round "5"]
[White "Potapov, Pavel"]
[Black "Bernadskiy, Vitaliy"]
[Result "0-1"]
[WhiteElo "2585"]
[BlackElo "2631"]
[Annotator "TA"]
[PlyCount "104"]
[EventDate "2018.07.18"]
[EventType "swiss"]
[EventCountry "CZE"]
[SourceTitle "playchess.com"]
[Source "ChessBase"]
[SourceQuality "1"]

{[%evp 15,104,14,60,4,20,0,0,-8,8,10,0,0,20,0,8,-20,-25,-23,-24,-22,-25,-42,-32,-48,-38,-57,-32,-30,-27,-56,-59,-71,-51,-58,-49,-54,-58,-76,-43,-32,-33,-20,0,0,0,-8,-8,-8,-6,-8,-9,-16,-13,-14,0,-28,-29,-24,-19,-44,-38,-38,-38,-70,-37,-38,0,0,0,-16,-16,-16,-16,-32,-14,-14,0,0,0,-60,-60,-2750,-1853,-6524,-4650,-12839,-12839,-12839,-12839,-12841,-12841]} 1. e4 Nf6 2. e5 Nd5 3. d4 d6 4. Nf3 dxe5 5. Nxe5 c6 6. Be2 Bf5 {B04: Alekhine's Defence: 4 Nf3} 7. O-O Nd7 8. Nf3 e6 {LiveBook: 148 Games. The position is equal.} (8... Qc7 9. Nh4 Be6 10. Re1 Rd8 11. Bf1 g6 12. c4 N5f6 13. Nc3 Bg7 14. h3 {1-0 (137) Grischuk,A (2772)-Ivanchuk,V (2726) Huaian 2017}) 9. Re1 (9. c4 $14 N5f6 10. Nh4) 9... Be7 $11 10. c3 O-O 11. Nbd2 $146 ({Predecessor:} 11. Bf1 Qc7 12. Nbd2 h6 13. a3 b5 14. Ne4 {0-1 (70) Khosla,S (2391)-Mehdi,S (2078) Dubai 2011}) 11... Nf4 12. Nc4 Nxe2+ 13. Qxe2 c5 14. Be3 Qc7 15. Nce5 Nxe5 16. Nxe5 Bd6 17. Nf3 c4 18. h3 b5 19. a3 Bd3 20. Qd1 Rad8 21. Bd2 Qb7 22. Ne5 Be4 23. f3 Bd5 24. Qc2 a5 25. Ng4 Bb8 26. Ne3 Qc7 {White must now prevent ...Bxf3!} 27. Nf1 $1 Bc6 28. Bg5 Rd5 29. Bh4 $1 e5 30. Rxe5 Rxe5 31. dxe5 Qxe5 32. Bg3 Qc5+ 33. Qf2 Qxf2+ 34. Bxf2 Re8 35. Re1 Rxe1 36. Bxe1 {[%mdl 4096] Endgame KBB-KBN} f5 37. Bf2 Kf7 38. Bb6 a4 39. Kf2 Ke6 40. Ne3 h5 41. Nc2 Bd7 42. Be3 f4 43. Bd4 g5 44. Bb6 Kf5 45. Nd4+ Ke5 46. Bd8 Ba7 47. Bxg5 (47. Ke2 $11) 47... b4 $1 $15 48. axb4 $2 {[%mdl 8192] [#]} (48. Ke2 $15) 48... Bxd4+ $19 {Black is clearly winning.} 49. cxd4+ Kf5 50. Bxf4 Kxf4 51. g3+ Kg5 52. h4+ Kf6 {Precision: White = 30%, Black = 63%.} 0-1

[Event "29th Czech Open-Rapid 2018"]
[Site "Pardubice"]
[Date "2018.07.19"]
[Round "5"]
[White "Plat, Vojtech"]
[Black "Pulpan, Jakub"]
[Result "1/2-1/2"]
[WhiteElo "2580"]
[BlackElo "2425"]
[Annotator "TA"]
[PlyCount "117"]
[EventDate "2018.07.18"]
[EventType "swiss"]
[EventCountry "CZE"]
[SourceTitle "playchess.com"]
[Source "ChessBase"]
[SourceQuality "1"]

{[%evp 21,117,-8,-12,-14,-19,-13,0,-2,16,-19,-19,-14,0,0,9,-1,81,88,91,94,84,93,91,110,112,0,-4,0,0,-42,-11,-10,-10,-11,-11,-11,-8,-17,24,24,24,0,0,0,0,0,0,0,8,0,23,23,45,45,45,47,47,45,64,69,69,55,55,55,64,55,55,55,57,55,55,20,20,15,17,10,10,10,10,10,17,17,22,17,17,17,17,8,8,-8,-8,-8,-8,-8,-8,-8,-8,-8]} 1. d4 Nf6 2. c4 e6 3. g3 d5 4. Bg2 Bb4+ 5. Nd2 O-O 6. Qc2 b6 7. Ngf3 Bb7 8. O-O Nbd7 9. b3 {E16: Queen's Indian: 4 g3 Bb7 5 Bg2 Bb4+} (9. Rd1 c5 10. cxd5 exd5 11. dxc5 bxc5 12. a3 Ba5 13. e3 Qe7 14. b3 Rac8 15. Bb2 Rfe8 16. Nh4 Qe6 17. Rac1 {0-1 (54) Quintiliano Pinto,R (2484)-Bu,X (2705) Doha 2016}) 9... Rc8 10. Bb2 c5 11. dxc5 Bxc5 {LiveBook: 3 Games} 12. Qd3 dxc4 $146 ({Predecessor:} 12... Qe7 13. cxd5 Nxd5 14. Rac1 N7f6 15. Ng5 h6 16. Bxd5 hxg5 17. Bxb7 Qxb7 {0-1 (55) Riedner,M (2180)-Almer,G (2138) Austria 2015}) 13. Nxc4 Be4 14. Qd2 Qe7 15. Qg5 h6 16. Qh4 b5 17. Nce5 Nb6 18. Rad1 Rfd8 (18... a5 $11 {keeps the balance.}) 19. Rxd8+ Rxd8 {[#]} 20. Nxf7 $1 {[%mdl 512]} Qxf7 21. Bxf6 $1 Bxf3 22. Bxd8 Bxe2 {[#]} 23. Qf4 (23. Bxb6 $1 $16 Bxb6 24. Ra1) 23... Qxf4 $11 24. gxf4 Bxf1 25. Kxf1 {[%mdl 4096] Endgame KBB-KBN} g6 26. Be4 Kf7 27. Bc7 Nd5 28. Be5 b4 29. Bd3 g5 30. fxg5 hxg5 31. Bc4 Nc3 32. a3 Ne4 {Hoping for ...Nd2+.} 33. axb4 Bxb4 34. Ke2 a5 35. h3 Ke7 36. Bd3 Nf6 37. Kf3 Be1 38. Bb2 {And now Bc1 would win.} Bd2 39. Ke2 Bf4 40. Bc3 Bc7 41. Bd2 g4 42. h4 g3 {Strongly threatening ...g2.} 43. fxg3 (43. Kf1 {with more complications.} Kf7 44. Kg2 gxf2 45. Kxf2 Nd5 46. Bb1) 43... Bxg3 44. Bg5 Kf7 45. Kf3 Be1 46. Bc4 Nh7 {The position is equal.} 47. Bd8 Nf6 48. Ke2 Bxh4 49. Bxa5 Nd5 50. Bd2 Be7 51. Kd3 Ke8 52. Kd4 Kd7 53. Bf1 Bd6 54. Kc4 Bf4 55. Bg2 Bxd2 56. Bxd5 exd5+ 57. Kxd5 Kc7 58. b4 Bxb4 59. Ke4 {Precision: White = 50%, Black = 49%.} 1/2-1/2

[Event "29th Czech Open-Rapid 2018"]
[Site "Pardubice"]
[Date "2018.07.19"]
[Round "5"]
[White "Schlosser, Philipp"]
[Black "Shkuran, Daniil"]
[Result "1-0"]
[WhiteElo "2526"]
[BlackElo "2404"]
[Annotator "TA"]
[PlyCount "59"]
[EventDate "2018.07.18"]
[EventType "swiss"]
[EventCountry "CZE"]
[SourceTitle "playchess.com"]
[Source "ChessBase"]
[SourceQuality "1"]

{[%evp 23,59,60,84,79,108,97,78,86,148,115,250,152,146,144,237,231,276,293,343,365,1032,62,479,472,472,481,489,454,481,477,540,528,541,539,557,553,543,530]} 1. Nf3 Nf6 2. c4 g6 3. Nc3 Bg7 4. e4 d6 5. d4 O-O 6. h3 e5 7. d5 Nh5 8. g3 {E90: King's Indian: Classical: Early deviations and 6 h3} Qe8 9. Be2 f5 10. exf5 gxf5 11. Nh4 Nf6 12. Qc2 e4 {LiveBook: 3 Games} 13. Be3 a5 $146 ({Predecessor:} 13... Na6 14. O-O-O Nd7 15. Qd2 Qf7 {1-0 (36) Parligras,M (2650)-Can,E (2465) Porto Carras 2011}) 14. O-O-O Na6 15. Kb1 Qe5 (15... Nd7 $142) 16. Qd2 Bd7 (16... Nd7 $16 {was worth a try.}) 17. Rhg1 Nc5 18. g4 fxg4 (18... f4 $16) 19. hxg4 $18 a4 20. Bd4 Qe7 21. Qe3 Nxd5 $2 {[#]} (21... Ne8) 22. Nf5 $2 (22. Nxd5 $18 Qd8 23. Bxg7 Kxg7 24. Nf5+ Kg8 {[#]} 25. Nxc7 $1 {[%mdl 512]}) 22... Nxe3 $4 {[%mdl 8192]} (22... Rxf5 $1 $14 23. Nxd5 Rxd5 24. cxd5 Bxd4 25. Rxd4 (25. Qxd4 Be8 $14) 25... Qe5) 23. Nxe7+ {White is clearly winning.} Kf7 24. fxe3 Bxd4 25. exd4 Kxe7 26. dxc5 Bc6 27. cxd6+ cxd6 28. Rh1 Rf7 29. Rh6 Rd8 30. Kc1 {Precision: White = 72%, Black = 22%.} 1-0

[Event "29th Czech Open-Rapid 2018"]
[Site "Pardubice"]
[Date "2018.07.19"]
[Round "5"]
[White "Mozharov, Mikhail"]
[Black "Tarakanov, Oleg"]
[Result "1-0"]
[WhiteElo "2495"]
[BlackElo "2128"]
[Annotator "TA"]
[PlyCount "65"]
[EventDate "2018.07.18"]
[EventType "swiss"]
[EventCountry "CZE"]
[SourceTitle "playchess.com"]
[Source "ChessBase"]
[SourceQuality "1"]

{[%evp 14,65,53,50,34,15,53,56,51,41,31,31,32,24,36,31,32,41,64,56,247,226,256,240,287,286,280,295,308,280,285,279,278,264,269,251,241,243,337,303,337,301,390,387,433,420,554,542,645,631,714,701,677,671]} 1. d4 d5 2. c4 c6 3. Nf3 Nf6 4. Nc3 Bf5 5. cxd5 cxd5 6. Qb3 Qb6 7. Qxb6 axb6 8. Bf4 {LiveBook: 3 Games. D13: Slav Defence: Exchange variation without ...Bf5} (8. e3 Bd7 9. Ne5 Bc6 10. Bd2 Nfd7 11. f4 Nxe5 12. fxe5 e6 13. a3 Bb4 14. Nb5 Bxd2+ 15. Kxd2 Ke7 16. Bd3 Nd7 17. Nc3 Rhc8 18. e4 dxe4 19. Nxe4 f6 20. exf6+ {½-½ (20) Aranha Filho,A (2304)-Dos Santos,H (2155) Sao Paulo 2018}) 8... e6 9. a3 Be7 10. e3 {White is slightly better.} O-O 11. Bb5 Rc8 $146 ({Predecessor:} 11... Nc6 12. O-O Ne4 13. Nxe4 Bxe4 14. Ne5 Nxe5 15. Bxe5 Rfc8 {1-0 (57) Sundsbo,S (1501)-Bo,T (943) Lillehammer 2013}) 12. O-O Nc6 13. h3 h6 14. Rac1 Na5 15. Nd2 Bg6 16. f3 Ne8 $2 {[#]} ({Better is} 16... Nc6 $14) 17. Na4 $1 $18 Rxc1 18. Rxc1 Nd6 19. Bxd6 Bxd6 20. Nxb6 Rd8 21. b4 Nc4 22. Ndxc4 ({Much less strong is} 22. Nbxc4 $6 dxc4 23. Nxc4 Rc8 $18) 22... dxc4 23. Rxc4 ({Don't play} 23. Nxc4 $6 Bg3 $18) 23... Bb8 24. Rc8 Rxc8 25. Nxc8 {[%mdl 4096] Endgame KBB-KBN} Bc2 26. Kf2 Kf8 27. Ke2 Bb3 28. Kd3 Bc7 29. Kc3 Ba2 30. Kb2 {White is clearly winning.} Bd5 31. e4 Bc6 32. Bxc6 bxc6 33. Na7 {Precision: White = 81%, Black = 45%.} 1-0

[Event "29th Czech Open-Rapid 2018"]
[Site "Pardubice"]
[Date "2018.07.19"]
[Round "5"]
[White "Zwardon, Vojtech"]
[Black "Piscopo, Pierluigi"]
[Result "*"]
[WhiteElo "2486"]
[BlackElo "2402"]
[Annotator "TA"]
[PlyCount "95"]
[EventDate "2018.07.18"]
[EventType "swiss"]
[EventCountry "CZE"]
[SourceTitle "playchess.com"]
[Source "ChessBase"]
[SourceQuality "1"]

{[%evp 10,95,31,28,44,43,71,72,56,74,56,86,66,0,39,14,97,0,21,37,148,139,142,131,145,123,118,103,123,118,265,247,326,319,312,308,413,406,392,400,395,368,327,222,236,227,266,101,113,126,113,8,8,8,8,0,0,-8,-14,-10,267,263,236,-75,-80,-102,5097,5097,627,27,27,27,22,22,22,27,41,0,0,0,0,0,0,-8,-8,-12,0,0]} 1. c4 e5 2. g3 Nc6 3. Bg2 f5 4. Nc3 Nf6 5. Nf3 Bb4 6. Nd5 {LiveBook: 4 Games. A25: English Opening vs King's Indian with ...Nc6 but without early d3} (6. O-O Bxc3 7. bxc3 O-O 8. c5 d5 9. cxd6 cxd6 10. c4 f4 11. d3 fxg3 12. hxg3 Bg4 13. Be3 Qd7 14. Qd2 Bh3 15. Bxh3 Qxh3 {1-0 (45) Laznicka,V (2676)-Balogh,C (2659) Germany 2016}) 6... a5 7. O-O O-O 8. d4 $146 {White is better.} ({Predecessor:} 8. d3 Be7 9. Rb1 d6 10. a3 Nxd5 11. cxd5 Nd4 12. Nd2 a4 13. e3 {1-0 (40) Del Cuadro,N (2186)-Bulcourf,C (2274) Villa Ballester 2004}) 8... e4 9. Nh4 ({Of course not} 9. Nxb4 $6 axb4 10. Nd2 d5 $11) 9... Nxd5 10. cxd5 Ne7 11. Bg5 (11. f3 $14) 11... Qe8 (11... h6 $5 {[%cal Rh6g5]} 12. Bxe7 Bxe7 $11) 12. Qb3 {aiming for d6+.} Kh8 (12... Bd6 $11 {keeps the balance.}) 13. Rac1 (13. f3 $16) 13... c6 14. f3 cxd5 ({Black should play} 14... e3 $14) 15. fxe4 dxe4 16. a3 $36 {[%mdl 2048] White is in control.} Qh5 17. Bf4 ({Reject} 17. axb4 $6 Qxg5 18. Bxe4 axb4 $14) 17... Nc6 18. Rxc6 dxc6 19. axb4 Qxe2 (19... axb4 $16 20. Qxb4 Kg8) 20. bxa5 $1 $18 Qb5 21. Qxb5 cxb5 22. Bd6 Re8 23. b4 g6 24. Be5+ Kg8 {[#]} 25. g4 $1 {[%mdl 512]} Rf8 (25... fxg4 26. Bxe4) 26. Bd6 Rf7 27. gxf5 gxf5 28. Bh3 $2 (28. Bc5 $18) 28... f4 $16 29. Bxc8 Rxc8 30. Rxf4 ({White should try} 30. Re1 $1 $16) 30... Rxf4 $11 31. Bxf4 {Threatening Be5.} Rc4 32. Nf5 Rxb4 33. d5 Rb1+ 34. Kf2 {Threatens to win with Nd6.} Rd1 $2 {[%mdl 8192]} (34... b4 $1 $11 {and Black has nothing to worry.}) 35. Ke2 $1 $18 {[%cal Re2d1]} Rd3 {[#]} 36. d6 $2 {[#]} (36. Bd2 $1 $18) 36... b4 $1 $17 37. Be5 b3 $2 {[%mdl 8192]} (37... Kf7 $17 38. Ne3 Ke6) 38. Bd4 $18 {White wants to mate with d7.} b2 39. Bxb2 $2 (39. d7 $18 {Nh6+ would kill now.} Rxd4 40. Nxd4) 39... Kf7 $11 40. Ng3 Rxd6 41. Nxe4 Rd5 42. Bc3 Rh5 43. Nd6+ (43. h3 $5) 43... Ke6 {The position is equal.} 44. Nxb7 {a6 is the strong threat.} Rxh2+ 45. Kd3 {Black must now prevent a6.} Kd5 46. a6 {And now a7 would win.} Rh3+ 47. Kc2 Kc6 48. Nc5 {Precision: White = 48%, Black = 41%.} *

[Event "29th Czech Open-Rapid 2018"]
[Site "Pardubice"]
[Date "2018.07.19"]
[Round "5"]
[White "Sengupta, Deep"]
[Black "Skliarov, Viktor"]
[Result "1-0"]
[WhiteElo "2482"]
[BlackElo "2384"]
[Annotator "TA"]
[PlyCount "43"]
[EventDate "2018.07.18"]
[EventType "swiss"]
[EventCountry "CZE"]
[SourceTitle "playchess.com"]
[Source "ChessBase"]
[SourceQuality "1"]

{[%evp 19,43,-43,-37,-60,-10,-17,-8,-57,-20,-14,0,-31,200,183,581,567,819,820,819,818,810,802,786,790,868,783]} 1. e4 c5 2. Nf3 Nc6 3. Bb5 e6 4. Bxc6 bxc6 5. d3 Ne7 6. Qe2 Ng6 {B30: Sicilian: 2...Nc6 3 Bb5, lines without ...g6} (6... d6 7. e5 dxe5 8. Qxe5 Ng6 9. Qe4 Qd5 10. Nc3 Qxe4+ 11. Nxe4 f5 12. Ned2 Be7 13. Nc4 Ba6 14. Nfe5 Nxe5 15. Nxe5 {½-½ (43) Onischuk,V (2637)-Yu,Y (2751) Riadh 2017}) 7. e5 f6 8. h4 h5 9. Nc3 Qc7 10. exf6 gxf6 {LiveBook: 8 Games} 11. Bd2 d6 12. O-O-O $146 ({Predecessor:} 12. Qe4 f5 {½-½ (32) Ardeleanu,A (2401)-Cabarkapa,N (2130) Subotica 2010}) 12... Bd7 13. d4 cxd4 14. Nxd4 e5 15. Nb3 {With the idea Ne4.} O-O-O $2 {[#]} (15... Kf7 $15 {stays ahead.}) 16. Ne4 $1 $36 {[%mdl 2048] Keeping Black busy.} Be7 $2 (16... Nf4 17. Qa6+ Kb8) 17. Ba5 {White is clearly winning.} Qb8 18. Qa6+ Qb7 19. Nxd6+ Bxd6 20. Qxb7+ Kxb7 21. Rxd6 Nf4 22. Rhd1 {Precision: White = 53%, Black = 13%.} 1-0

[Event "29th Czech Open-Rapid 2018"]
[Site "Pardubice"]
[Date "2018.07.19"]
[Round "5"]
[White "Zilka, Stepan"]
[Black "Sarkar, Justin"]
[Result "1-0"]
[WhiteElo "2477"]
[BlackElo "2314"]
[Annotator "TA"]
[PlyCount "51"]
[EventDate "2018.07.18"]
[EventType "swiss"]
[EventCountry "CZE"]
[SourceTitle "playchess.com"]
[Source "ChessBase"]
[SourceQuality "1"]

{[%evp 17,51,68,77,22,20,21,67,29,95,90,87,89,92,83,176,84,200,128,228,220,227,214,212,187,236,237,312,250,317,281,420,350,543,524,626,616]} 1. d4 Nf6 2. c4 e6 3. Nf3 c5 4. d5 exd5 5. cxd5 Bd6 6. Nc3 O-O 7. Bg5 Re8 8. e3 {A60: Modern Benoni: Early Divergences} Bf8 (8... a6 9. Bd3 Bf8 10. d6 h6 11. Bh4 b5 12. a4 g5 13. Bg3 b4 14. Nb1 Nc6 15. Nbd2 Bg7 {½-½ (38) Giri,A (2714)-Karjakin,S (2763) Beijing 2011}) 9. Bd3 d6 {LiveBook: 7 Games} 10. Qc2 (10. O-O $16) 10... h6 $11 11. Bh4 Nbd7 12. O-O Ne5 (12... g5 $11 13. Bg3 a6) 13. Nxe5 $16 Rxe5 14. Rae1 $146 ({Predecessor:} 14. e4 Re8 15. Bb5 Bd7 16. Bxf6 gxf6 17. Bxd7 Qxd7 {1-0 (36) Enchev,I (2421)-Kaplan,B (1944) Konya 2014}) 14... a6 15. f4 $36 {[%mdl 2048] Keeping Black busy.} Rh5 {[#]} (15... Re8 $16 {was necessary.}) 16. Bg3 (16. Bxf6 $1 $18 {has better winning chances.} Qxf6 17. Be2) 16... b5 (16... Nxd5 $16 {keeps fighting.} 17. Nxd5 Rxd5) 17. Be2 Bg4 (17... g6 $16) 18. Bxg4 $18 Nxg4 19. h3 Nf6 20. e4 b4 21. Nd1 g5 22. Qe2 {[#] e5 is the strong threat.} gxf4 23. Rxf4 Re5 (23... Rg5 {might work better.}) 24. Qf3 Be7 (24... Nh7 $142 25. Ne3 Ra7) 25. Ne3 Nh7 26. h4 {Precision: White = 62%, Black = 12%.} 1-0

[Event "29th Czech Open-Rapid 2018"]
[Site "Pardubice"]
[Date "2018.07.19"]
[Round "5"]
[White "Zakhartsov, Viacheslav V"]
[Black "Geller, Jakov"]
[Result "1/2-1/2"]
[WhiteElo "2475"]
[BlackElo "2515"]
[Annotator "TA"]
[PlyCount "30"]
[EventDate "2018.07.18"]
[EventType "swiss"]
[EventCountry "CZE"]
[SourceTitle "playchess.com"]
[Source "ChessBase"]
[SourceQuality "1"]

{[%evp 22,30,0,0,0,0,10,-6,-12,-11,0]} 1. d4 d5 2. c4 e6 3. Nf3 c6 4. e3 Nf6 5. Bd3 Nbd7 6. b3 Bd6 7. Bb2 O-O {A06: Zukertort-Eröffnung} 8. Nbd2 b6 9. O-O Bb7 10. Ne5 c5 11. f4 cxd4 12. exd4 {LiveBook: 8 Partien. Die Stellung ist ausgeglichen.} Ne4 13. Qe2 {[%cal Rd2e4]} f5 {[#]} 14. Nxd7 $146 ({Vorgänger:} 14. Rac1 Rc8 15. cxd5 Rxc1 16. Rxc1 exd5 {1-0 (29) Malakhov,V (2707)-Madland,K (2017) Helsingor 2009}) 14... Qxd7 15. Qe3 Rac8 1/2-1/2

[Event "29th Czech Open-Rapid 2018"]
[Site "Pardubice"]
[Date "2018.07.19"]
[Round "5"]
[White "Kobo, Ori"]
[Black "Gomes, Mary Ann"]
[Result "1-0"]
[WhiteElo "2456"]
[BlackElo "2297"]
[Annotator "TA"]
[PlyCount "91"]
[EventDate "2018.07.18"]
[EventType "swiss"]
[EventCountry "CZE"]
[SourceTitle "playchess.com"]
[Source "ChessBase"]
[SourceQuality "1"]

{[%evp 20,91,8,8,60,60,70,69,92,96,129,103,115,116,105,94,136,134,177,174,150,0,175,172,175,179,179,172,221,202,242,208,229,239,284,277,297,169,183,172,154,154,152,164,157,166,203,202,200,187,292,229,250,190,200,200,317,311,450,450,450,429,579,579,670,746,5472,5469,5297,5206,29990,29991,29991,29992]} 1. d4 Nf6 2. c4 e6 3. Nc3 Bb4 4. f3 c5 5. d5 exd5 6. cxd5 d6 7. e4 O-O 8. Nge2 Nbd7 {E20: Nimzoindisch (Seltene Züge)} (8... b5 9. Ng3 a6 10. a4 bxa4 11. Qxa4 Nbd7 12. Be2 Ne5 13. O-O Nfd7 14. f4 Ng6 15. Qc2 Re8 16. Nd1 {1-0 (39) Narciso Dublan,M (2467)-Granda Zuniga,J (2662) Linares 2017}) 9. Ng3 Re8 10. Be2 a6 11. O-O {LiveBook: 18 Partien} b5 (11... Ne5 $11) 12. a4 $14 bxa4 $1 13. Qxa4 Nb6 14. Qc2 Bd7 $146 15. Kh1 c4 16. Bd2 a5 17. Nd1 Qc7 18. Bg5 Qc5 19. Be3 Qc7 20. Bg5 Qc5 $1 21. Nc3 Kh8 22. Bxf6 gxf6 23. Nh5 Qd4 24. Rad1 $1 {[%cal Rd1d4]} Qe5 25. f4 Qe7 {[#]} 26. e5 $1 dxe5 27. fxe5 f5 28. Nf6 (28. Qd2 $142) 28... Qxe5 $18 29. Nxd7 Nxd7 30. Rxf5 Qg7 31. Bxc4 Ne5 32. Be2 Rg8 {[%csl Gg8][%cal Rg7g2] [#]} 33. g3 $1 Rac8 34. Rdf1 Bd6 (34... Rgf8 $142 35. Rh5 Ng6) 35. Qe4 Rce8 36. Qh4 {Se4 ist eine echte Drohung.} Ng6 37. Qh5 Re7 {[#]} (37... Rgf8 {war angesagt.} 38. Bd3 Be5) 38. Ne4 $1 {[%mdl 512]} Rxe4 (38... Rd8 $142) 39. Rxf7 Re5 40. Rxg7 Kxg7 41. Qg4 Rb8 42. Bd3 Rxb2 43. Qd7+ Be7 44. d6 {Weiss droht Lxg6 und Matt.} Rh5 45. h4 Rd5 46. Bxg6 {Precision: Weiß = 81%, Schwarz = 44%.} 1-0